000 00518nam a2200217Ia 4500
003 OSt
005 20221005131739.0
006 a|||||r|||| 00| 0
007 ta
008 221004b |||||||| |||| 00| 0 eng d
024 _a118387
037 _cTextual
040 _aCRL
_cCRL
_beng
041 _2eng
_aeng
100 _aAhmad Rajia Fasih
_9640010
245 0 _aSubhe hone tak
260 _c1973
650 _aHINDI LITERATURE
_923866
942 _cTEXL
_2cc
999 _c1061259
_d1061259